Management of tomato disease in prateahlang soil ការគ្រប់គ្រងជំងឺលើដំណាំប៉េងប៉ោះក្នុងលក្ខ័ខណ្ឌ័ដីប្រទះឡាង (Record no. 569)
[ view plain ]
| 000 -LEADER | |
|---|---|
| fixed length control field | 00534nam a22001457a 4500 |
| 003 - CONTROL NUMBER IDENTIFIER | |
| control field | OSt |
| 005 - DATE AND TIME OF LATEST TRANSACTION | |
| control field | 20150916114614.0 |
| 008 - FIXED-LENGTH DATA ELEMENTS--GENERAL INFORMATION | |
| fixed length control field | 150916b xxu||||| |||| 00| 0 eng d |
| 040 ## - CATALOGING SOURCE | |
| Transcribing agency | RUA |
| 082 ## - DEWEY DECIMAL CLASSIFICATION NUMBER | |
| Classification number | AGR SAM 2002 B023 Or.1 |
| 100 ## - MAIN ENTRY--PERSONAL NAME | |
| 9 (RLIN) | 592 |
| Personal name | SAM, SARAK. |
| 245 ## - TITLE STATEMENT | |
| Title | Management of tomato disease in prateahlang soil ការគ្រប់គ្រងជំងឺលើដំណាំប៉េងប៉ោះក្នុងលក្ខ័ខណ្ឌ័ដីប្រទះឡាង |
| 300 ## - PHYSICAL DESCRIPTION | |
| Extent | 57p. |
| Other physical details | ill. |
| Dimensions | 29cm. |
| 942 ## - ADDED ENTRY ELEMENTS (KOHA) | |
| Source of classification or shelving scheme | |
| Koha item type | AGR |
| Price effective from | Date last seen | Permanent Location | Not for loan | Date acquired | Source of classification or shelving scheme | Koha item type | Lost status | Withdrawn status | Total Renewals | Date last checked out | Total Checkouts | Shelving location | Damaged status | Barcode | Checked out | Current Location | Full call number |
|---|---|---|---|---|---|---|---|---|---|---|---|---|---|---|---|---|---|
| 2015-09-16 | 2021-10-27 | Library Block B | 2015-09-16 | AGR | 1 | 2021-09-29 | 7 | B023 | RUA002782 | Library Block B | AGR SAM 2002 B023 Or.1 | ||||||
| 2015-09-16 | 2019-10-04 | Library Block B | 2015-09-16 | AGR | 2019-08-30 | 2 | B023 | RUA002639 | Library Block B | AGR SAM 2002 B023 Or.2 | |||||||
| 2015-09-16 | 2018-11-20 | Library Block B | 2015-09-16 | AGR | 2018-11-12 | 3 | B023 | RUA002854 | Library Block B | AGR SAM 2002 B023 Or.3 | |||||||
| 2015-09-16 | 2018-10-03 | Library Block B | 2015-09-16 | AGR | 2018-09-28 | 2 | B023 | RUA002572 | Library Block B | AGR SAM 2002 B023 Or.4 | |||||||
| 2015-09-16 | 2017-12-30 | Library Block B | 2015-09-16 | AGR | 2017-12-30 | 2 | B023 | RUA002644 | 2018-02-05 | Library Block B | AGR SAM 2002 B023 Or.5 | ||||||
| 2015-09-16 | 2019-08-02 | Library Block B | 2015-09-16 | AGR | 2019-07-24 | 3 | B023 | RUA002567 | Library Block B | AGR SAM 2002 B023 Or.6 |